Từ điển Việt -Hoa thông dụng

Na minha lista:
Detalhes bibliográficos
Formato: online
Publicado em: 1996
Tags: Adicionar Tag
Sem tags, seja o primeiro a adicionar uma tag!
Thư viện lưu trữ: Mạng thư viện Đại học Đà Nẵng
LEADER 00680na a2200205 4500
001 000032438
003 8526
005 20151002091338.0
008 151002s1996 000
082 |a 495.13 
245 |a Từ điển Việt -Hoa thông dụng  |c Khổng Đức 
260 |c 1996 
OWN |a LNN 
AVA |a UDN50  |b LNN  |d 495.13  |e available  |t Error 5001 Not defined in file expand_doc_bib_avail.  |f 1  |g 0  |h N  |i 0  |k 1 
999 |a From the UDN01 
AVA |a UDN50  |b LNN  |d 495.13  |e available  |t Error 5001 Not defined in file expand_doc_bib_avail.  |f 1  |g 0  |h N  |i 0  |k 1 
TYP |a Printed language 
980 |a Mạng thư viện Đại học Đà Nẵng